Statistics for Keys of Beethoven's Piano Sonatas

Click here to take the quiz!

General Stats

  • This quiz has been taken 106 times
  • The average score is 29 of 32

Answer Stats

SonataKey% Correct
No.3C Major
98%
No.21C Major
98%
No.7D Major
98%
No.15D Major
98%
No.32C minor
97%
No.5C minor
97%
No.8C minor
97%
No.14C sharp minor
95%
No.23F minor
94%
No.1F minor
94%
No.2A Major
93%
No.28A Major
93%
No.17D minor
93%
No.30E Major
93%
No.9E Major
93%
No.10G Major
93%
No.16G Major
93%
No.20G Major
93%
No.25G Major
93%
No.24F sharp Major
92%
No.19G minor
90%
No.22F Major
89%
No.6F Major
89%
No.27E minor
86%
No.29B flat Major
80%
No.11B flat Major
80%
No.4E flat Major
80%
No.26E flat Major
80%
No.18E flat Major
80%
No.13E flat Major
80%
No.12A flat Major
74%
No.31A flat Major
74%

Score Distribution

Percentile by Number Answered

Percent of People with Each Score

Your Score History

You have not taken this quiz